|
|
|
|
| LEADER |
00000naa2a2200000 4500 |
| 001 |
105380 |
| 005 |
20231215103314.0 |
| 035 |
|
|
|a (RuTPU)RU\TPU\book\113712
|
| 090 |
|
|
|a 105380
|
| 100 |
|
|
|a 20061115d2003 k y0rusy50 ca
|
| 101 |
0 |
|
|a rus
|
| 102 |
|
|
|a RU
|
| 200 |
1 |
|
|a О взаимосвязи химического состава природных вод и интенсивности водообмена
|f О. Г. Савичев
|
| 320 |
|
|
|a Библиогр.: 5 назв.
|
| 463 |
|
0 |
|0 (RuTPU)RU\TPU\book\61426
|y 5-98298-031-5
|t Проблемы поисковой и экологической геохимии Сибири
|o труды Всероссийской гидрогеохимической конференции, Томск 25-30 октября 2003 г.
|f Томский политехнический университет; Институт геологии и нефтегазового дела ТПУ
|v С. 112-114
|d 2003
|p 330 с.
|
| 610 |
1 |
|
|a воды природные
|
| 610 |
1 |
|
|a водообмен
|
| 610 |
1 |
|
|a химический состав
|
| 610 |
1 |
|
|a интенсивность
|
| 610 |
1 |
|
|a математические модели
|
| 610 |
1 |
|
|a труды учёных ТПУ
|
| 700 |
|
1 |
|a Савичев
|b О. Г.
|c геолог
|c профессор Томского политехнического университета, доктор географических наук
|f 1967-
|g Олег Геннадьевич
|3 (RuTPU)RU\TPU\pers\25454
|9 11394
|
| 801 |
|
1 |
|a RU
|b 63413507
|c 20061115
|g PSBO
|
| 801 |
|
2 |
|a RU
|b 63413507
|c 20150831
|g PSBO
|
| 942 |
|
|
|c BK
|